|
|
|
|
| LEADER |
00000nam a2200000 a 4500 |
| 005 |
20111222151912.0 |
| 007 |
cr|||| |||| |
| 008 |
021104s2002 sp |||||| 00| ||spa|| |
| 020 |
|
|
|a 849566514X
|
| 035 |
|
|
|a 2587
|
| 040 |
|
|
|d vLex
|
| 090 |
|
|
|c 2862
|d 2862
|
| 245 |
0 |
0 |
|a Psicologa̕ jurd̕ica de la familia
|h [Recurso electrn̤ico] :
|b intervencin̤ en casos de separacin̤ y divorcio /
|c Francisca Farią Rivera ... [et al.]
|
| 256 |
|
|
|a Servicio
|
| 260 |
|
|
|a Barcelona :
|b Cedecs,
|c 2002
|
| 300 |
|
|
|a 325 p.
|
| 506 |
1 |
|
|a Contenido solo disponible en los productos indicados
|d vLex Global
|d vLex Global (Academic Edition, excluding Law Schools)
|d vLex Global (U.S. Academic Edition, Law Schools)
|d vLex Global (U.S. Academic Edition, excluding Law Schools)
|d vLex Global (Academic Edition, Law Schools)
|
| 650 |
0 |
4 |
|a Mediacin̤ familiar
|z Espaą
|
| 650 |
0 |
4 |
|a Divorcio
|x Derecho
|z Espaą
|
| 650 |
0 |
4 |
|a Separacin̤ conyugal
|z Espaą
|
| 700 |
1 |
|
|a Farią Rivera, Francisca
|
| 740 |
0 |
|
|a vLex Libros (Servicio en ln̕ea)
|
| 856 |
4 |
0 |
|u http://vlex.com/source/psicologia-juridica-familia-separacion-divorcio-2587
|z Acceso restringido
|
| 942 |
|
|
|c BOOK
|
| 999 |
0 |
|
|a Family mediation
|
| 999 |
0 |
|
|a Civil law
|